• 首页
  • 本馆介绍
  • 公告通知
  • 最新文献
  • 馆藏检索
  • 电子资源
  • 读者导购
  • 参考咨询
  • 我的图书馆
  • 登录
  • 详细信息显示
  • 放入我的书架
  • 预约/预借图书
  • 作者相关作品
  • 分类相关作品
  • 丛书相关作品
  • 出版社相关作品

书目信息

  • 表格格式
  • 工作单格式
  • 卡片格式
题名:
中学语文教学法辅导
    
 
作者: 曾仲揆 主编
分册:  
出版信息: 北京   高等教育出版社  1992.6
页数: 363页
开本: 20cm
丛书名:
单 册:
中图分类: G633.3
科图分类: 38.7341
主题词: 教学法-语文--中学 , 语文-教学法--中学
电子资源:
ISBN: 7-04-003770-X
000 00732nam0 2200253 45
001 0192013978
005 20070604163111.65
010    @a7-04-003770-X@dCNY5.65
020    @aCN@b92013978
100    @a19921207d1992 em y0chiy0121 ea
101 0  @achi
102    @aCN@b110000
105    @ay z 000yy
200 10 @a中学语文教学法辅导@Azhong xue yu wen jiao xue fa fu dao@f曾仲揆主编@Fzeng zhong kui zhu bian
210    @a北京@c高等教育出版社@d1992.6@h1993
215    @a363页@d20cm
300    @a中学语文教学法辅导
606    @a教学法-语文@x中学
606    @a语文-教学法@x中学
690    @aG633.3
692    @a38.7341
701  0 @a曾仲揆@Azeng zhong kui@4主编
801  0 @aCN@bTSSF@c20070604
905    @a10447@dG633.3@e493
    
    中学语文教学法辅导/曾仲揆主编.-北京:高等教育出版社,1992.6(1993)
    363页;20cm
    中学语文教学法辅导
    
    ISBN 7-04-003770-X:CNY5.65
    
●
相关链接 在E读中查询图书 在五车中查询图书 在当当中查询图书 在豆瓣中查询图书


正题名:中学语文教学法辅导     索取号:G633.3/493         预约/预借

序号 登录号 条形码 馆藏地/架位号 状态 备注
1 0403853   204038530   第一样本阅览室/ [索取号:G633.3/493] 在馆    
2 0403854   204038549   密集书库/ [索取号:G633.3/493] 在馆    
3 0403855   204038558   密集书库/ [索取号:G633.3/493] 在馆    
4 0403856   204038567   密集书库/ [索取号:G633.3/493] 在馆    
5 0403857   204038576   密集书库/ [索取号:G633.3/493] 在馆    
6 0403858   204038585   密集书库/ [索取号:G633.3/493] 在馆    
7 0403859   204038594   密集书库/ [索取号:G633.3/493] 在馆    
8 0403860   204038601   密集书库/ [索取号:G633.3/493] 在馆    
9 0403861   204038610   密集书库/ [索取号:G633.3/493] 在馆    
10 0403862   204038629   密集书库/ [索取号:G633.3/493] 在馆    
11 0403863   204038638   密集书库/ [索取号:G633.3/493] 在馆    
12 0403864   204038647   密集书库/ [索取号:G633.3/493] 在馆    
13 0403865   204038656   密集书库/ [索取号:G633.3/493] 在馆    
14 0403866   204038665   密集书库/ [索取号:G633.3/493] 在馆    
15 0403867   204038674   密集书库/ [索取号:G633.3/493] 在馆    
16 0403868   204038683   密集书库/ [索取号:G633.3/493] 在馆    
17 0403869   204038692   密集书库/ [索取号:G633.3/493] 在馆    
18 0403870   204038709   密集书库/ [索取号:G633.3/493] 在馆    
19 0403871   204038718   密集书库/ [索取号:G633.3/493] 在馆    
20 0403872   204038727   密集书库/ [索取号:G633.3/493] 在馆    
21 0403873   204038736   密集书库/ [索取号:G633.3/493] 在馆    
22 0403874   204038745   密集书库/ [索取号:G633.3/493] 在馆    
23 0403875   204038754   密集书库/ [索取号:G633.3/493] 在馆    
24 0403876   204038763   密集书库/ [索取号:G633.3/493] 在馆    
25 0403877   204038772   密集书库/ [索取号:G633.3/493] 在馆    
26 0403878   204038781   密集书库/ [索取号:G633.3/493] 在馆    
27 0403879   204038790   密集书库/ [索取号:G633.3/493] 在馆    
28 0403880   204038807   密集书库/ [索取号:G633.3/493] 在馆    
29 0403881   204038816   密集书库/ [索取号:G633.3/493] 在馆    
30 0403882   204038825   密集书库/ [索取号:G633.3/493] 在馆    
31 0403883   204038834   密集书库/ [索取号:G633.3/493] 在馆    
32 0403884   204038843   密集书库/ [索取号:G633.3/493] 在馆    
33 0403885   204038852   密集书库/ [索取号:G633.3/493] 在馆    
34 0403886   204038861   密集书库/ [索取号:G633.3/493] 在馆    
35 0403887   204038870   密集书库/ [索取号:G633.3/493] 在馆    
36 0403888   204038889   密集书库/ [索取号:G633.3/493] 在馆    
37 0403889   204038898   密集书库/ [索取号:G633.3/493] 在馆    
38 0403890   204038905   密集书库/ [索取号:G633.3/493] 在馆    
39 0403891   204038914   密集书库/ [索取号:G633.3/493] 在馆    
40 0403892   204038923   密集书库/ [索取号:G633.3/493] 在馆    
41 0403893   204038932   密集书库/ [索取号:G633.3/493] 在馆    
42 0403894   204038941   密集书库/ [索取号:G633.3/493] 在馆    
43 0403895   204038950   密集书库/ [索取号:G633.3/493] 在馆    
44 0403896   204038969   密集书库/ [索取号:G633.3/493] 在馆    
45 0403897   204038978   密集书库/ [索取号:G633.3/493] 在馆    
46 0403898   204038987   密集书库/ [索取号:G633.3/493] 在馆    
47 0403899   204038996   密集书库/ [索取号:G633.3/493] 在馆    
48 0403900   204039003   密集书库/ [索取号:G633.3/493] 在馆    
49 0403901   204039012   密集书库/ [索取号:G633.3/493] 在馆    
50 0403902   204039021   密集书库/ [索取号:G633.3/493] 在馆    
51 0403903   204039030   密集书库/ [索取号:G633.3/493] 在馆    
52 0403904   204039049   密集书库/ [索取号:G633.3/493] 在馆    
53 0403905   204039058   密集书库/ [索取号:G633.3/493] 在馆    
54 0403906   204039067   密集书库/ [索取号:G633.3/493] 在馆    
唐山师范学院图书馆 欢迎您!
大连网信软件有限公司© 版权所有